| 000 | 00340pam a2200145 a 4500 | ||
|---|---|---|---|
| 020 |
_a978-0-143-41983-9 _c |
||
| 041 | _h | ||
| 082 | _a658.4092 | ||
| 100 |
_aIyer P. _eAuthor |
||
| 245 |
_aThe Secret of Leadership _cIyer P. _hTextual Documents |
||
| 250 | _a1st ED | ||
| 260 |
_bPenguin Book Ltd. _c2013 |
||
| 300 | _a255 | ||
| 930 | _a343 | ||
| 999 |
_c244513 _d244513 |
||